Statistics for Which of these is the largest

Click here to take the quiz!

General Stats

  • This quiz has been taken 70 times
  • The average score is 5 of 15

Answer Stats

QuestionAnswer% Correct
Largest city state by areaHong Kong
58%
Largest Scottish loch by areaLoch Lomond
58%
Largest sea by areaNorth Sea
58%
Largest desert by areaArabian desert
54%
Largest African country areaChad
54%
Largest mountain range by areaRocky Mountains
46%
Largest lake by areaSuperior
42%
Largest man made island by areaFlevopolder
31%
Largest airports by areaAmsterdam AMS
27%
Largest city metro by areaChicago
23%
Largest peninsula by areaIberian
23%
Largest US state by areaNorth carolina
23%
Longest riverYellow
19%
Largest English county by areaKent
12%
Largest Indonesian island by areaSulawesi
8%

Score Distribution

Percentile by Number Answered

Percent of People with Each Score

Your Score History

You have not taken this quiz